Witchcraft for wayward girls (Record no. 4819)
[ view plain ]
| 000 -CABECERA | |
|---|---|
| campo de control de longitud fija | 01642nam a22001937a 4500 |
| 008 - DATOS DE LONGITUD FIJA--INFORMACIÓN GENERAL | |
| campo de control de longitud fija | 250703b |||||||| |||| 00| 0 eng d |
| 020 ## - NÚMERO INTERNACIONAL ESTÁNDAR DEL LIBRO | |
| Número Internacional Estándar del Libro | 9781035030880 |
| 040 ## - FUENTE DE LA CATALOGACIÓN | |
| Centro/agencia transcriptor | tbs |
| 041 ## - CÓDIGO DE LENGUA | |
| Código de lengua del texto/banda sonora o título independiente | eng |
| 050 ## - SIGNATURA TOPOGRÁFICA DE LA BIBLIOTECA DEL CONGRESO | |
| Número de clasificación | PS3608.E543 |
| Número de documento/Ítem | W58 2025 |
| 100 ## - ENTRADA PRINCIPAL--NOMBRE DE PERSONA | |
| Nombre de persona | Hendrix, Grady |
| 9 (RLIN) | 25651 |
| Término indicativo de función/relación | author |
| 245 ## - MENCIÓN DE TÍTULO | |
| Título | Witchcraft for wayward girls |
| Mención de responsabilidad, etc. | / Grady Hendrix. |
| 260 ## - PUBLICACIÓN, DISTRIBUCIÓN, ETC. | |
| Lugar de publicación, distribución, etc. | New York, NY : |
| Nombre del editor, distribuidor, etc. | Berkley, |
| Fecha de publicación, distribución, etc. | 2025. |
| 300 ## - DESCRIPCIÓN FÍSICA | |
| Extensión | 482 pages : |
| Otras características físicas | illustrations ; |
| Dimensiones | 24 cm. |
| 520 ## - SUMARIO, ETC. | |
| Sumario, etc. | They call them wayward girls. Loose girls. Girls who grew up too fast. And they're sent to the Wellwood House in St. Augustine, Florida, where unwed mothers are hidden by their families to have their babies in secret, give them up for adoption, and most important of all, to forget any of it ever happened.<br/><br/>Fifteen-year-old Fern arrives at the home in the sweltering summer of 1970, pregnant, terrified and alone. There, she meets a dozen other girls in the same predicament. Rose, a hippie who insists she's going to keep her baby and escape to a commune. Zinnia, a budding musician who plans to marry her baby's father. And Holly, barely fourteen, mute and pregnant by no-one-knows-who.<br/><br/>Every moment of their waking day is strictly controlled by adults who claim they know what's best for them. Then Fern meets a librarian who gives her an occult book about witchcraft, and power is in the hands of the girls for the first time in their lives. But power can destroy as easily as it creates, and it's never given freely. There's always a price to be paid...and it's usually paid in blood. |
| 650 #0 - PUNTO DE ACCESO ADICIONAL DE MATERIA--TÉRMINO DE MATERIA | |
| Término de materia o nombre geográfico como elemento de entrada | Witchcraft |
| Subdivisión de forma | Fiction |
| 9 (RLIN) | 25652 |
| 655 #0 - TÉRMINO DE INDIZACIÓN--GÉNERO/FORMA | |
| Datos o término principal de género/forma | Paranormal fiction |
| 9 (RLIN) | 22925 |
| 942 ## - ELEMENTOS DE ENTRADA AGREGADA (KOHA) | |
| Fuente del sistema de clasificación o colocación | Clasificación de Library of Congress |
No items available.

